000 01113nam a2200301Ia 4500
005 20220316235555.0
008 121119s2001 ck gr 000 p spa
020 _a9589041973
041 _aspa
100 1 _aPombo, Rafael
_d1833-1912
245 1 0 _aAntología poética
_cRafael Pombo ; selección y prólogo, Germán Espinosa
250 _aPrimera edición
300 _a207 páginas
_c20 cm
490 _aAcanto
505 _aLa hora de tinieblas -- Monotonía -- Una hora -- ¡Aquí está! -- Serenata -- Misterio -- Torbellino a misa -- Vals -- Los filibusteros -- El valle -- Alpha y omega
650 1 4 _2LEMB
_aPoesía colombiana
_ySiglo XIX
650 1 4 _2LEMB
_aLiteratura colombiana
_ySiglo XIX
650 1 4 _2LEMB
_aHombres en la literatura
650 1 4 _2LEMB
_aMujeres en la literatura
700 1 _aEspinosa, Germán
_ecompilador
_992186
942 _2loc
_cBKLIT
264 _aMedellín
_bUniversidad EAFIT
_c2001
336 _atexto
_btxt
_2rdacontent
337 _asin mediación
_bn
_2rdamedia
338 _avolumen
_bnc
_2rdacarrier
040 _aCO-BoRNBP
_bspa
_erda
_cCO-BoRNBP
084 _aP POM1
999 _c1413
_d1413